00466nam a22001457a 450000500170000001000150001702000260003203500140005803700140007208200160008624500580010226000730016027000570023330000300029020180726170657.0 aENG-123606 c100.00a9789350077658 aEN-107138 bDBAD/PUB. a355.1320954 aVeer gaatha :bstories of param vir chakra awardees / aNew DelhibNational Council of Education Research and Trainingc2016 aNCERT Campus, Sri Aurobindo Marg,bNew Delhie110016 a139p. bphotosc24cm(pbk)